000
00253nam a22001097a 4500
082
_a
808.3 HOP'B
100
_a
HOPE, LAURA LEE
_9
57795
245
_a
THE BOBBSEY TWINS IN A GREAT CITY
260
_a
NEWYORK
_b
GROSSET
_c
1945
300
_a
184P
942
_c
BK
999
_c
568049
_d
568049